Orang ketiga (Record no. 3455)

MARC details
000 -LEADER
fixed length control field 00656nam a2200253 i 4500
001 - CONTROL NUMBER
control field C2-0014144
003 - CONTROL NUMBER IDENTIFIER
control field PPAK
005 - DATE AND TIME OF LATEST TRANSACTION
control field 20190630221927.0
008 - FIXED-LENGTH DATA ELEMENTS--GENERAL INFORMATION
fixed length control field 970130s1992 my |||| ||||| | may d
020 ## - INTERNATIONAL STANDARD BOOK NUMBER
International Standard Book Number 9838930296
040 ## - CATALOGING SOURCE
Original cataloging agency PPAK
Language of cataloging eng
Transcribing agency PPAK
Description conventions rda
082 04 - DEWEY DECIMAL CLASSIFICATION NUMBER
Classification number 899.233
Edition number 23
090 00 - LOCALLY ASSIGNED LC-TYPE CALL NUMBER (OCLC); LOCAL CALL NUMBER (RLIN)
Classification number (OCLC) (R) ; Classification number, CALL (RLIN) (NR) 899.233
Feature heading ABD
Feature heading G
Classification number (OCLC) (R) ; Classification number, CALL (RLIN) (NR) 899.233
Feature heading ABD
Feature heading KAH
100 0# - MAIN ENTRY--PERSONAL NAME
Personal name Abdul Rahim Awang,
Relator term author
245 10 - TITLE STATEMENT
Title Orang ketiga
264 #1 - PRODUCTION, PUBLICATION, DISTRIBUTION, MANUFACTURE, AND COPYRIGHT NOTICE
Place of production, publication, distribution, manufacture Kuala Lumpur :
Name of producer, publisher, distributor, manufacturer Creative ,
Date of production, publication, distribution, manufacture, or copyright notice 1992, 1999
300 ## - PHYSICAL DESCRIPTION
Extent 320 pages ;
Dimensions 18 cm
336 ## - CONTENT TYPE
Source rdacontent
Content type term text
337 ## - MEDIA TYPE
Source rdamedia
Media type term unmediated
338 ## - CARRIER TYPE
Source rdacarrier
Carrier type term volume
650 10 - SUBJECT ADDED ENTRY--TOPICAL TERM
Topical term or geographic name entry element Malay fiction
942 ## - ADDED ENTRY ELEMENTS (KOHA)
-- dc
Koha item type Book
Holdings
Withdrawn Not for loan Current library Shelving location Date acquired Total Checkouts Full call number Barcode Date last seen Date last checked out Koha item type
  Not For Loan Perpustakaan Alor Setar Koleksi Abdullah Hussein 05/08/1998   KAH 899.233 ABD A00205147 08/05/2018   Book
  Not For Loan Perpustakaan Alor Setar Koleksi Halim R 24/09/2025   KHR 899.233 ABD A00501235 24/09/2025   Book
    Perpustakaan Baling Pinjaman Dewasa 17/04/2003 1 899.233 ABD A01044979 19/03/2023 26/02/2023 Book